000
00318nam a2200121Ia 4500
008
220204s9999 xx 000 0 und d
082
_a
574:001.814
_b
ADV.4
245
0
_a
Advances in ecological research. V 4.
260
_a
London
_b
Academic
_c
1967
650
_a
Ecological research
650
_a
Pesticides
942
_c
BK
999
_c
21227
_d
21227